Economistas contemporáneos ll : (Record no. 217304)
[ view plain ]
| 000 -CABECERA | |
|---|---|
| campo de control de longitud fija | 00812nam a22002297a 4500 |
| 003 - IDENTIFICADOR DEL NÚMERO DE CONTROL | |
| campo de control | OSt |
| 005 - FECHA Y HORA DE LA ÚLTIMA TRANSACCIÓN | |
| campo de control | 20221031104326.0 |
| 008 - DATOS DE LONGITUD FIJA--INFORMACIÓN GENERAL | |
| campo de control de longitud fija | 220804s2016mx |||||||f |||| 00| 0 spa d |
| 020 ## - NÚMERO INTERNACIONAL ESTÁNDAR DEL LIBRO | |
| Número Internacional Estándar del Libro | 978-607-7673-45-3 |
| 040 ## - FUENTE DE LA CATALOGACIÓN | |
| Centro/agencia transcriptor | CHAP |
| 082 ## - NÚMERO DE LA CLASIFICACIÓN DECIMAL DEWEY | |
| Número de clasificación | 330.092 |
| Número de documento/Ítem | E19 |
| Número de edición | 22 |
| Agencia que asigna | BC |
| 245 00 - MENCIÓN DE TÍTULO | |
| Título | Economistas contemporáneos ll : |
| Resto del título | un resumen de obras selectas / |
| Mención de responsabilidad, etc. | por Jeffrey Sachs ... [ y otros ]; compilado por Gerardo Reyes Guzmán. |
| 264 #4 - PRODUCCIÓN, PUBLICACIÓN, DISTRIBUCIÓN, FABRICACIÓN Y COPYRIGHT | |
| Producción, publicación, distribución, fabricación y copyright | México : |
| Nombre del de productor, editor, distribuidor, fabricante | El Colegio de Tlaxcala, |
| Fecha de producción, publicación, distribución, fabricación o copyright | 2016 (derechos reservados). |
| 300 ## - DESCRIPCIÓN FÍSICA | |
| Extensión | 349 páginas. |
| 336 ## - TIPO DE CONTENIDO | |
| Término de tipo de contenido | texto |
| Código de tipo de contenido | txt |
| Fuente | rdacontenido |
| 337 ## - TIPO DE MEDIO | |
| Nombre/término del tipo de medio | sinmedio |
| Código del tipo de medio | n |
| Fuente | rdamedia |
| 338 ## - TIPO DE SOPORTE | |
| Nombre/término del tipo de soporte | volumen |
| Código del tipo de soporte | nc |
| Fuente | rdacarrier |
| 650 #0 - PUNTO DE ACCESO ADICIONAL DE MATERIA--TÉRMINO DE MATERIA | |
| 9 (RLIN) | 185324 |
| Término de materia o nombre geográfico como elemento de entrada | Economístas |
| Subdivisión general | Historia |
| Subdivisión cronológica | Siglo XX |
| 700 ## - PUNTO DE ACCESO ADICIONAL--NOMBRE DE PERSONA | |
| 9 (RLIN) | 185323 |
| Nombre de persona | Sachs, Jeffrey |
| 700 1# - PUNTO DE ACCESO ADICIONAL--NOMBRE DE PERSONA | |
| 9 (RLIN) | 96857 |
| Nombre de persona | Reyes Guzmán, Gerardo |
| Término indicativo de función/relación | compilador. |
| 942 ## - ELEMENTOS DE PUNTO DE ACCESO ADICIONAL (KOHA) | |
| Fuente del sistema de clasificación o colocación | Dewey Decimal Classification |
| Tipo de ítem Koha | Libro |
| Estado de retiro | Estado de pérdida | Fuente del sistema de clasificación o colocación | Estado dañado | Restricciones de uso | No para préstamo | Código de colección | Localización permanente | Ubicación/localización actual | Ubicación en estantería | Fecha de adquisición | Total de préstamos | Signatura topográfica completa | Código de barras | Fecha visto por última vez | Fecha del último préstamo | Precio válido a partir de | Tipo de ítem Koha |
|---|---|---|---|---|---|---|---|---|---|---|---|---|---|---|---|---|---|
| Dewey Decimal Classification | Préstamo 15 días | General | Biblioteca Central | Biblioteca Central | Planta alta - Colección General | 04/08/2022 | 1 | 330.092 E19 | 33724002563264 | 16/01/2023 | 13/12/2022 | 04/08/2022 | Libro |
